| 000 | 00800cam a2200289 4500500 | ||
|---|---|---|---|
| 005 | 20260405002944.0 | ||
| 041 | _afre | ||
| 042 | _adc | ||
| 100 | 1 | 0 |
_aGastineau, Nicolas _eauthor |
| 245 | 0 | 0 | _aQui a le droit de sauver l’Amazonie ? |
| 260 | _c2019. | ||
| 500 | _a59 | ||
| 690 | _aAmazonie | ||
| 690 | _aBrésil | ||
| 690 | _aCommun | ||
| 690 | _aDroit | ||
| 690 | _aElinor Olstrom | ||
| 690 | _aEmmanuel Macron | ||
| 690 | _aforêt | ||
| 690 | _aIncendie | ||
| 690 | _aIngérence | ||
| 690 | _aInternational | ||
| 690 | _aJair Bolsonaro | ||
| 690 | _aNéocolonialisme | ||
| 786 | 0 | _nPhilosophie magazine | 133 | 10 | 2019-10-01 | p. 14-14 | 1951-1787 | |
| 856 | 4 | 1 | _uhttps://shs.cairn.info/magazine-philosophie-magazine-2019-10-page-14?lang=fr&redirect-ssocas=7080 |
| 999 |
_c2062899 _d2062899 |
||